Detalles MARC
| 000 -LIDER |
| fixed length control field |
01500nam a2200337 a 4500 |
| 001 - NÚMERO DE CONTROL |
| Identificador de número de control |
|
| 003 - IDENTIFICACDOR DE NÚMERO DE CONTROL |
| control field |
DO-SdBNP |
| 005 - DATE AND TIME OF LATEST TRANSACTION |
| control field |
20220303093858.0 |
| 008 - ELEMENTOS DE LONGITUD FIJA |
| fixed length control field |
101013s1986 dr a 000 0bspa d |
| 040 ## - FUENTE DE CATALOGACIÓN |
| Agencia que crea de manera original el registro |
DO-SdBNP |
| Idioma de catalogación |
spa |
| Agencia que realiza la transcripción |
BPMSU |
| 082 ## - NÚMERO DE CLASIFICACIÓN DECIMAL DE DEWEY |
| Classification number |
923.9 |
| Item number |
C719T, 1986 |
| Edition number |
22 |
| 100 1# - ASIENTO PRINCIPAL -- NOMBRE PERSONAL |
| Nombre personal |
Tejera, D. Emilio, |
| Fechas asociadas con el nombre |
1841-1923 |
| 245 14 - MENCIÓN DE TITULO |
| Título |
Los restos de Colón en Santo Domingo ; |
| Subtítulo |
Los dos restos de Cristóbal Colón / |
| Mención de responsabilidad |
D. Emilio Tejera ; introducción Pedro Troncoso Sánchez ; prólogo Federico Henríquez y Carvajal]. |
| 260 ## - PUBLICACIÓN, DISTRIBUCIÓN, ETC. (PIE DE IMPRENTA) |
| Lugar de publicación, distribución, etc |
Santo Domingo : |
| Nombre del editor, distribuidor, etc. |
Sociedad Dominicana de Bibliófilos, |
| Fecha de publicación, distribución, etc |
1986. |
| 300 ## - DESCRIPCIÓN FÍSICA |
| Extensión |
316 p. : |
| Otros detalles físicos |
il. ; |
| Dimensiones |
24 cm. |
| 500 ## - NOTA GENERAL |
| Nota general |
Incluye indíce onomástico: p. 299-311. |
| 500 ## - NOTA GENERAL |
| Nota general |
Incluye una hoja plegable con las inscripciones que presenta la tapa de la caja de plomo, exterior e interior |
| 500 ## - NOTA GENERAL |
| Nota general |
Incluye referencias bibliográficas y notas al pie de las páginas. |
| 500 ## - NOTA GENERAL |
| Nota general |
Publicado con: Los dos restos de Cristóbal Colón |
| 533 ## - NOTA DE REPRODUCCIÓN |
| Tipo de producción |
Basada en la tercera edición de 1928. |
| 563 ## - INFORMACIÓN DE LA ENCUADERNACIÓN |
| Nota de la encuadernación |
Dos obras encuadernadas juntas con paginación continua |
| 590 ## - NOTA LOCAL |
| Enlace |
Inventariado, 2021/VM |
| 600 14 - ENCABEZAMIENTO DE MATERIA--NOMBRE PERSONAL |
| Nombre personal |
Colón, Cristobal |
| Fechas asociadas con el nombre |
1451?-1506 |
| 650 #4 - ENCABEZAMIENTO DE MATERIA--TEMÁTICO |
| Término temático o nombre geográfico como elemento de entrada |
República dominicana |
| Subdivisión temática general |
Historia |
| 700 1# - ASIENTO SECUNDARIO -- NOMBRE PERSONAL |
| Nombre personal |
Tejera, D. Emilio, |
| Fechas asociadas con el nombre |
1841-1923 |
| Título de una obra |
Los dos restos de Cristóbal Colón |
| 700 1# - ASIENTO SECUNDARIO -- NOMBRE PERSONAL |
| Nombre personal |
Henríquez y Carvajal, Federico, |
| Fechas asociadas con el nombre |
1859-1935 |
| Mención de responsabilidad |
pról. |
| 700 1# - ASIENTO SECUNDARIO -- NOMBRE PERSONAL |
| Nombre personal |
Troncoso Sánchez, Pedro |
| 710 ## - ASIENTO SECUNDARIO -- NOMBRE CORPORATIVO |
| Nombre corporativo o de jurisdicción |
Sociedad Dominicana de Bibliófilos, |
| 910 ## - VALIDACIÓN |
| Validación |
VMateo V. |
| 942 ## - ADDED ENTRY ELEMENTS (KOHA) |
| Source of classification or shelving scheme |
Dewey Decimal Classification |
| Koha item type |
Libros |